| 000 | 00461nam a2200193Ia 4500 | ||
|---|---|---|---|
| 005 | 20240823010309.0 | ||
| 008 | 240823s9999||||xx |||||||||||||| ||und|| | ||
| 041 | _aENGLISH | ||
| 082 | _A621.3822 N8 | ||
| 100 | _aNagrath I J | ||
| 245 | 0 | _aSystems Modelling and Analysis | |
| 250 | _a1st | ||
| 260 |
_c1998 _b"TMH,New Delhi" |
||
| 500 | _aTRANSFERED | ||
| 650 |
_aSystems _bSoftware Engineering |
||
| 700 | _a Gopal M | ||
| 942 | _cBK | ||
| 999 |
_c158208 _d158208 |
||